000
00429nam a2200145Ia 4500
008
100204s9999 xx 000 0 und d
082
_b
14677
100
_a
रानडे जयंत
245
_a
डबल क्रॉस
260
_b
"श्रध्दा प्रकाशन, पुणे"
_c
1991
300
_a
135
630
_a
डबल क्रॉस
730
_a
डबल क्रॉस
942
_c
BOOK
999
_c
459108
_d
459105